| 000 | 00881nam a22002297a 4500 | ||
|---|---|---|---|
| 999 |
_c2951 _d2951 |
||
| 003 | AR-CdUCM | ||
| 008 | 190305b ||||| |||| 00| 0 spa d | ||
| 040 |
_aMUNICIPALIDAD PROVINCIAL DEL CUSCO _cBIBLIOTECA MUNICIPAL DEL CUSCO |
||
| 082 |
_22ed. _a869.624 / _bIG24 |
||
| 100 |
_aIgaza, Jorge _910116 |
||
| 245 | _aCholos / | ||
| 260 |
_aQuito : _bEditora Romero, _c1939. |
||
| 300 |
_a301 Páginas ; _c20 cm. |
||
| 500 | _aEl protagonista, Luis Alfonso Romero y Flores, por su condición de cholo (mestizo de india y blanco) y por sus pujos disimuladores de tal condición en conducta y atuendo, recibe el mote: chulla; o sea, algo parecido a un fantasma. | ||
| 505 | _aContenido: Autobiografía. | ||
| 650 |
_aNovelas ecuatorianas _910117 |
||
| 650 |
_aSiglo XX _98 |
||
| 650 |
_aDiscriminación _91641 |
||
| 650 |
_aFortaleza _910118 |
||
| 942 |
_2ddc _cLIBROS |
||
| 945 | _adavv | ||